000
00254 a2200097 4500
001
34624
100
_a
Mcclure, Stuart
245
_a
Hacking Exposed Network security secrets and solutions
260
_a
ND
_b
Tata McGraw Hill
_c
1999
090
_c
22907
_d
22907
942
_a
NUST-CAE
_c
M
_c
14344
999
_c
269697
_d
269697